[Event "Odintsovo Primakov Cup"]
[Site "Odintsovo"]
[Date "2024.03.15"]
[Round "2"]
[White "Chertkov, Maksim"]
[Black "Zarubitski, Viachaslau"]
[Result "1-0"]
[WhiteElo "2150"]
[BlackElo "2402"]
[PlyCount "53"]
[EventDate "2024.03.15"]
[EventType "tourn"]
[EventRounds "9"]
[EventCountry "RUS"]
[EventCategory "1"]
[SourceTitle "CB13_2024"]
[SourceDate "2024.03.27"]
[SourceVersion "1"]
[SourceVersionDate "2024.03.27"]
[SourceQuality "1"]

1. e4 c5 2. Nf3 d6 3. d4 cxd4 4. Nxd4 Nf6 5. Nc3 Nc6 6. Bg5 e6 7. Qd3 Bd7 8. 0-0-0 a6 9. f4 Be7 10. Be2 h6 11. Bh4 Rc8 12. Bf3 Nb4 13. Qe2 g5 14. Bf2 gxf4 15. a3 Nc6 16. Nxc6 bxc6 17. e5 dxe5 18. Qxe5 Rg8 19. Rhe1 Nd5 20. Bxd5 cxd5 21. Nxd5 exd5 22. Bb6 Rxc2+ 23. Kxc2 Qc8+ 24. Kb1 Be6 25. Rc1 Qb7 26. Ba5 Rxg2 27. Rc7 1-0

[Event "Moscow-ch op Superfinal"]
[Site "Ershovo"]
[Date "2024.02.24"]
[Round "3"]
[White "Chertkov, Maksim"]
[Black "Kalambetov, Anton"]
[Result "1-0"]
[WhiteElo "2271"]
[BlackElo "2041"]
[PlyCount "185"]
[EventDate "2024.02.23"]
[EventType "swiss"]
[EventRounds "10"]
[EventCountry "RUS"]
[SourceTitle "CB10_2024"]
[SourceDate "2024.03.06"]
[SourceVersion "1"]
[SourceVersionDate "2024.03.06"]
[SourceQuality "1"]

1. e4 e5 2. Nf3 Nf6 3. Nc3 Nc6 4. a4 d5 5. Bb5 d4 6. Ne2 Bd6 7. Bxc6+ bxc6 8. d3 h6 9. 0-0 c5 10. Nd2 g5 11. Nc4 Bg4 12. h3 Be6 13. Ng3 g4 14. Kh2 h5 15. Qe2 gxh3 16. gxh3 Qd7 17. Qf3 Nh7 18. Nxh5 0-0-0 19. Rg1 Bxh3 20. Qxh3 Qxh3+ 21. Kxh3 Nf6 22. Rg5 Rxh5+ 23. Rxh5 Nxh5 24. Kg4 Ng7 25. Bd2 Rg8 26. Rh1 Kd7 27. Kf3 Ne6 28. Rh5 f6 29. Rh7+ Be7 30. b3 Nf8 31. Rh3 Ne6 32. Rg3 Rh8 33. Na3 a6 34. Nc4 Nf8 35. Kg2 Ne6 36. Rg4 Bf8 37. Kf3 Rh3+ 38. Kg2 Rh8 39. Kf1 Rh1+ 40. Rg1 Rh2 41. Rg6 Ke7 42. Kg1 Rh8 43. Kf1 Rh1+ 44. Rg1 Rh2 45. b4 cxb4 46. Bxb4+ Kf7 47. Be1 Nf4 48. Bd2 Nh3 49. Rg2 Rh1+ 50. Ke2 Ng1+ 51. Kf1 Nf3+ 52. Ke2 Nxd2 53. Nxd2 Ra1 54. f4 Rxa4 55. fxe5 fxe5 56. Nc4 Ra2 57. Rf2+ Ke8 58. Rf5 Bd6 59. Kd2 Bb4+ 60. Kd1 Ra1+ 61. Ke2 Re1+ 62. Kf2 Rc1 63. Rxe5+ Kd7 64. Kf3 Bc3 65. Rh5 Rxc2 66. e5 Rc1 67. Ke4 c6 68. Rh7+ Ke6 69. Rh6+ Kd7 70. Rd6+ Kc7 71. e6 Re1+ 72. Kf5 Rf1+ 73. Kg6 Bb4 74. Rd7+ Kc8 75. Nd6+ Bxd6 76. Rxd6 Kc7 77. Rxd4 Rg1+ 78. Kf7 Rf1+ 79. Ke8 a5 80. Rd7+ Kc8 81. e7 Rf3 82. d4 Rf5 83. Ra7 Rf4 84. d5 cxd5 85. Rxa5 Kc7 86. Rxd5 Re4 87. Kf7 Rf4+ 88. Ke6 Re4+ 89. Kf6 Rf4+ 90. Ke5 Rf1 91. Rd8 Re1+ 92. Kf6 Rf1+ 93. Kg5 1-0

[Event "Moscow-ch op Superfinal"]
[Site "Ershovo"]
[Date "2024.02.24"]
[Round "2"]
[White "Marchenko, Nikolay"]
[Black "Chertkov, Maksim"]
[Result "1-0"]
[WhiteElo "2092"]
[BlackElo "2271"]
[PlyCount "73"]
[EventDate "2024.02.23"]
[EventType "swiss"]
[EventRounds "10"]
[EventCountry "RUS"]
[SourceTitle "CB10_2024"]
[SourceDate "2024.03.06"]
[SourceVersion "1"]
[SourceVersionDate "2024.03.06"]
[SourceQuality "1"]

1. c4 e5 2. g3 Nf6 3. Bg2 d5 4. cxd5 Nxd5 5. Nf3 Nc6 6. 0-0 Be7 7. d4 e4 8. Ne1 f5 9. Nc3 Be6 10. f3 exf3 11. Nxf3 0-0 12. Bf4 Bf6 13. e3 Qd7 14. Qd2 Rae8 15. Rad1 Bf7 16. Ne5 Bxe5 17. dxe5 Nxf4 18. Qxd7 Nxg2 19. Kxg2 Nxe5 20. Qd4 Nc4 21. Rfe1 Nxb2 22. Rb1 c5 23. Qxc5 Nd3 24. Qxa7 Nxe1+ 25. Rxe1 Rc8 26. Qa5 Rc6 27. Rd1 b6 28. Qb4 Rfc8 29. Qe7 h6 30. Rd8+ Rxd8 31. Qxd8+ Kh7 32. Qd7 Rxc3 33. Qxf7 Rxe3 34. Qxf5+ Kg8 35. Kf2 Ra3 36. Qe6+ Kh8 37. Ke1 1-0

[Event "Cheliabinsk Panchenko Memorial op-A"]
[Site "Cheliabinsk"]
[Date "2022.09.18"]
[Round "7"]
[White "Lebzak, Yaroslav"]
[Black "Chertkov, Maksim"]
[Result "1/2-1/2"]
[WhiteElo "2191"]
[BlackElo "2023"]
[PlyCount "48"]
[EventDate "2022.09.12"]
[EventType "swiss"]
[EventRounds "10"]
[EventCountry "RUS"]
[SourceTitle "CBM 210 Extra"]
[Source "ChessBase"]
[SourceDate "2022.11.30"]
[SourceVersion "1"]
[SourceVersionDate "2022.11.30"]
[SourceQuality "1"]

1. e4 e5 2. Nf3 Nc6 3. Nc3 Nf6 4. Be2 Bd6 5. d4 exd4 6. Nxd4 0-0 7. 0-0 Be5 8. Be3 Re8 9. Bf3 d6 10. Re1 Nxd4 11. Bxd4 b6 12. Be2 Bxd4 13. Qxd4 Bb7 14. Bb5 c6 15. Bf1 c5 16. Qd3 Qe7 17. Rad1 d5 18. e5 Ne4 19. Nxd5 Qxe5 20. Nc3 Qf4 21. Nxe4 Bxe4 22. Qd7 Qg5 23. Qd2 Qg6 24. c3 h5 1/2-1/2

[Event "Cheliabinsk Panchenko Memorial op-A"]
[Site "Cheliabinsk"]
[Date "2022.09.17"]
[Round "6"]
[White "Chertkov, Maksim"]
[Black "Gnechko, Ruslan"]
[Result "1-0"]
[WhiteElo "2023"]
[BlackElo "2101"]
[PlyCount "59"]
[EventDate "2022.09.12"]
[EventType "swiss"]
[EventRounds "10"]
[EventCountry "RUS"]
[SourceTitle "CBM 210 Extra"]
[Source "ChessBase"]
[SourceDate "2022.11.30"]
[SourceVersion "1"]
[SourceVersionDate "2022.11.30"]
[SourceQuality "1"]

1. e4 e5 2. Nf3 Nc6 3. Bb5 a6 4. Ba4 d6 5. 0-0 Nf6 6. c3 b5 7. Bb3 Be7 8. a4 Bb7 9. d3 0-0 10. Nbd2 Na5 11. Bc2 c5 12. Re1 Re8 13. Nf1 Nc6 14. Ng3 Bf8 15. Nf5 h6 16. N3h4 Kh7 17. Bb3 d5 18. exd5 Nxd5 19. Nxh6 Qxh4 20. Bxd5 gxh6 21. Qf3 Nd4 22. Qxf7+ Bg7 23. Bxb7 Rf8 24. Be4+ Kh8 25. g3 Qh3 26. Qg6 Nf3+ 27. Bxf3 Rxf3 28. Be3 Raf8 29. axb5 R8f6 30. Qe4 1-0

[Event "Cheliabinsk Panchenko Memorial op-A"]
[Site "Cheliabinsk"]
[Date "2022.09.16"]
[Round "5"]
[White "Polosin, Evgeni"]
[Black "Chertkov, Maksim"]
[Result "1-0"]
[WhiteElo "2136"]
[BlackElo "2023"]
[PlyCount "61"]
[EventDate "2022.09.12"]
[EventType "swiss"]
[EventRounds "10"]
[EventCountry "RUS"]
[SourceTitle "CBM 210 Extra"]
[Source "ChessBase"]
[SourceDate "2022.11.30"]
[SourceVersion "1"]
[SourceVersionDate "2022.11.30"]
[SourceQuality "1"]

1. e4 e5 2. Nf3 Nc6 3. c3 d5 4. Qa4 f6 5. Bb5 Nge7 6. exd5 Qxd5 7. d4 e4 8. c4 Qd7 9. Nfd2 Qxd4 10. Nc3 e3 11. Nf3 exf2+ 12. Ke2 Bg4 13. Be3 Qe5 14. Rad1 g6 15. Kxf2 Bxf3 16. gxf3 Bg7 17. Rd5 Qe6 18. Bc5 Kf7 19. Bxe7 Nxe7 20. Re1 Qh3 21. Rxe7+ Kxe7 22. Qb4+ Kf7 23. Rd7+ Kg8 24. Qe7 Qxh2+ 25. Kf1 Qh1+ 26. Ke2 Qg2+ 27. Kd3 Qxf3+ 28. Kc2 Qf5+ 29. Ne4 Qxd7 30. Bxd7 h5 31. Nxf6+ 1-0

[Event "Cheliabinsk Panchenko Memorial op-A"]
[Site "Cheliabinsk"]
[Date "2022.09.13"]
[Round "2"]
[White "Pozin, Sergey"]
[Black "Chertkov, Maksim"]
[Result "1/2-1/2"]
[WhiteElo "2257"]
[BlackElo "2023"]
[PlyCount "45"]
[EventDate "2022.09.12"]
[EventType "swiss"]
[EventRounds "10"]
[EventCountry "RUS"]
[SourceTitle "CBM 210 Extra"]
[Source "ChessBase"]
[SourceDate "2022.11.30"]
[SourceVersion "1"]
[SourceVersionDate "2022.11.30"]
[SourceQuality "1"]

1. d4 d5 2. Nf3 Nf6 3. Bf4 c5 4. e3 Nc6 5. Nbd2 Qb6 6. dxc5 Qxb2 7. Rb1 Qc3 8. Bb5 Bd7 9. 0-0 e6 10. e4 Bxc5 11. exd5 exd5 12. Re1+ Be6 13. Be5 Qa3 14. Ng5 0-0 15. Bxf6 gxf6 16. Bd3 fxg5 17. Qh5 Rfb8 18. Rb3 Qa5 19. Qh6 Qxd2 20. Bxh7+ Kh8 21. Bd3+ Kg8 22. Bh7+ Kh8 23. Bd3+ 1/2-1/2

[Event "Chigorin Memorial 28th"]
[Site "St Petersburg"]
[Date "2021.10.31"]
[Round "9"]
[White "Chertkov, Maksim"]
[Black "Shemyakinskiy, Nikita"]
[Result "0-1"]
[WhiteElo "1734"]
[BlackElo "2138"]
[PlyCount "170"]
[EventDate "2021.10.23"]
[EventType "swiss"]
[EventRounds "9"]
[EventCountry "RUS"]
[SourceTitle "EXT 2023"]
[Source "ChessBase"]
[SourceDate "2022.10.05"]
[SourceVersion "1"]
[SourceVersionDate "2022.10.05"]
[SourceQuality "1"]

1. e4 e6 2. d4 d5 3. Nd2 c5 4. Ngf3 cxd4 5. Nxd4 Nc6 6. Bb5 Bd7 7. Bxc6 bxc6 8. c4 c5 9. N4b3 d4 10. e5 Qc7 11. Nf3 Ne7 12. Bf4 Ng6 13. Bg3 Be7 14. h4 h6 15. h5 Nf8 16. Bf4 Bc6 17. Rh3 a5 18. Qd2 Be4 19. Kf1 a4 20. Nc1 Bf5 21. Rh1 Nd7 22. Nd3 Qb7 23. Nfe1 Nb8 24. f3 Nc6 25. g4 Bh7 26. Rh2 Rb8 27. g5 hxg5 28. Bxg5 Nb4 29. Nf2 f6 30. h6 Bg8 31. Bf4 f5 32. hxg7 Rxh2 33. Bxh2 Qa6 34. Qe2 Kf7 35. Bf4 Kxg7 36. a3 Nc6 37. Nfd3 Kf7 38. Qh2 Ke8 39. Qh8 Kd7 40. Qg7 Qb6 41. Bg5 Re8 42. Ng2 Kd8 43. Bxe7+ Nxe7 44. Ngf4 Nc6 45. Qf6+ Kc8 46. Qg6 Qd8 47. Re1 Qe7 48. Qf6 Qxf6 49. exf6 Kd7 50. Nxc5+ Kd6 51. Nxa4 e5 52. c5+ Kc7 53. Ng6 e4 54. fxe4 fxe4 55. Ne7 Bc4+ 56. Kg1 Nxe7 57. Rxe4 Rg8+ 58. Kf2 Nc6 59. Nb6 Bb3 60. Rf4 Rh8 61. Rf3 Be6 62. f7 Rf8 63. Rf6 Rxf7 64. Rxf7+ Bxf7 65. Kf3 Na5 66. b4 Nb3 67. Ke4 Bg6+ 68. Kf3 d3 69. Nd5+ Kd8 70. Ke3 d2 71. Nc3 Bh5 72. b5 d1Q 73. Nxd1 Bxd1 74. c6 Kc7 75. Kd3 Kb6 76. Kc4 Na5+ 77. Kb4 Be2 78. a4 Bd1 79. Ka3 Kc5 80. Ka2 Bxa4 81. c7 Bb3+ 82. Kb2 Be6 83. Kc3 Kxb5 84. Kd4 Kc6 85. Ke4 Kxc7 0-1

[Event "Chigorin Memorial 28th"]
[Site "St Petersburg"]
[Date "2021.10.29"]
[Round "7"]
[White "Chertkov, Maksim"]
[Black "Artamonov, Valery"]
[Result "1-0"]
[WhiteElo "1734"]
[BlackElo "2087"]
[PlyCount "107"]
[EventDate "2021.10.23"]
[EventType "swiss"]
[EventRounds "9"]
[EventCountry "RUS"]
[SourceTitle "EXT 2023"]
[Source "ChessBase"]
[SourceDate "2022.10.05"]
[SourceVersion "1"]
[SourceVersionDate "2022.10.05"]
[SourceQuality "1"]

1. e4 g6 2. d4 Bg7 3. Nc3 c6 4. Bc4 d6 5. Nf3 Nf6 6. Bg5 b5 7. Bd3 0-0 8. Qd2 Nbd7 9. h4 Nb6 10. Bh6 Bg4 11. Bxg7 Kxg7 12. e5 dxe5 13. dxe5 Ng8 14. 0-0-0 Bxf3 15. gxf3 b4 16. Ne4 Qd5 17. h5 Qxe5 18. hxg6 fxg6 19. Rde1 h6 20. Rhg1 Qf4 21. Rxg6+ Kh8 22. Re3 Nd5 23. Rg4 Qh2 24. Re1 Rf4 25. Ng3 Raf8 26. Rh1 Qg2 27. Be4 R8f6 28. Rxf4 Nxf4 29. Rd1 Nh3 30. Rf1 Ng5 31. Rd1 Rd6 32. Qe3 Nxe4 33. fxe4 Rf6 34. f4 Qh3 35. f5 c5 36. b3 Rf7 37. Rd3 Rg7 38. Qxc5 Nf6 39. Qxb4 Qg2 40. Qb8+ Kh7 41. Qf4 Rg4 42. Qe5 Rg7 43. Kb2 h5 44. Qf4 Rg4 45. Qc7 Rg7 46. e5 Nd5 47. Qc4 Rxg3 48. Rxd5 Rg4 49. Qc5 Kh6 50. Rd7 Rg7 51. Qc8 Kg5 52. f6 Rg6 53. fxe7 Rc6 54. Qg8+ 1-0

[Event "EU-ch Hybrid U12"]
[Site "Tornelo INT"]
[Date "2021.10.15"]
[Round "3"]
[White "Belchev, Valeri"]
[Black "Chertkov, Maksim"]
[Result "0-1"]
[WhiteElo "1250"]
[BlackElo "1734"]
[PlyCount "74"]
[EventDate "2021.10.15"]
[EventType "swiss"]
[EventRounds "9"]
[EventCountry "NET"]
[SourceTitle "EXT 2023"]
[Source "ChessBase"]
[SourceDate "2022.10.05"]
[SourceVersion "1"]
[SourceVersionDate "2022.10.05"]
[SourceQuality "1"]
[WhiteTeam "Bulgaria"]
[BlackTeam "Russia"]
[WhiteTeamCountry "BUL"]
[BlackTeamCountry "RUS"]

1. e4 e5 2. Nf3 Nc6 3. d4 exd4 4. Bc4 Nf6 5. e5 d5 6. Bb5 Ne4 7. Nxd4 Bc5 8. Be3 0-0 9. Bxc6 bxc6 10. 0-0 Qe8 11. f4 f6 12. exf6 Nxf6 13. Qd2 Ng4 14. Bf2 Qe4 15. c3 Ba6 16. Re1 Qxf4 17. Qxf4 Rxf4 18. Bg3 Rxd4 19. cxd4 Bxd4+ 20. Kh1 Bxb2 21. Nd2 Bxa1 22. Rxa1 Rb8 23. Nb3 Bc4 24. Bxc7 Rb7 25. Bd6 Bxb3 26. axb3 Rxb3 27. h3 Nf2+ 28. Kg1 Ne4 29. Be5 Rb7 30. Rc1 c5 31. Rd1 d4 32. g4 Nc3 33. Rf1 Rb1 34. Bd6 d3 35. Kg2 Rxf1 36. Be5 d2 37. Kxf1 d1Q+ 0-1

[Event "EU-ch Hybrid U12"]
[Site "Tornelo INT"]
[Date "2021.10.15"]
[Round "9"]
[White "Chertkov, Maksim"]
[Black "Camlar, Arda"]
[Result "1/2-1/2"]
[WhiteElo "1734"]
[BlackElo "1968"]
[PlyCount "39"]
[EventDate "2021.10.15"]
[EventType "swiss"]
[EventRounds "9"]
[EventCountry "NET"]
[SourceTitle "EXT 2023"]
[Source "ChessBase"]
[SourceDate "2022.10.05"]
[SourceVersion "1"]
[SourceVersionDate "2022.10.05"]
[SourceQuality "1"]
[WhiteTeam "Russia"]
[BlackTeam "Turkey"]
[WhiteTeamCountry "RUS"]
[BlackTeamCountry "TUR"]

1. e4 g6 2. d4 Bg7 3. Nc3 c6 4. Bc4 d5 5. exd5 b5 6. Bb3 b4 7. Nce2 cxd5 8. a3 bxa3 9. Rxa3 Nf6 10. Ba4+ Bd7 11. Bxd7+ Qxd7 12. Nf3 Nc6 13. 0-0 0-0 14. Nf4 Ne4 15. c3 e6 16. Nd3 Rfc8 17. Nd2 Nxd2 18. Bxd2 Qb7 19. Qa1 Qb5 20. Qb1 1/2-1/2

[Event "Moscow op-A 17th"]
[Site "Moscow"]
[Date "2021.02.25"]
[Round "6"]
[White "Chertkov, Maksim"]
[Black "Druchenko, Mikhail"]
[Result "1/2-1/2"]
[WhiteElo "1972"]
[BlackElo "1761"]
[PlyCount "120"]
[EventDate "2021.02.20"]
[EventType "swiss"]
[EventRounds "9"]
[EventCountry "RUS"]
[SourceTitle "CBM 200 Extra"]
[Source "ChessBase"]
[SourceDate "2021.03.31"]
[SourceVersion "1"]
[SourceVersionDate "2021.03.31"]
[SourceQuality "1"]

1. e4 e5 2. Nf3 Nc6 3. Bb5 a6 4. Ba4 Nf6 5. 0-0 b5 6. Bb3 Bb7 7. d4 Nxd4 8. Bxf7+ Kxf7 9. Nxe5+ Kg8 10. Qxd4 d6 11. Qe3 dxe5 12. Qb3+ Bd5 13. exd5 Qxd5 14. Nc3 Qf7 15. Bg5 Bd6 16. Bxf6 gxf6 17. Nd5 Kg7 18. c4 Rab8 19. Ne3 Rhd8 20. Qc2 bxc4 21. Nxc4 Bf8 22. Na5 Rd5 23. Nb3 Rbd8 24. Rac1 R8d7 25. Qc6 R5d6 26. Qa4 Rb6 27. Rfd1 Rxd1+ 28. Rxd1 Bd6 29. Rd3 Kf8 30. Qh4 Rb4 31. Qh6+ Qg7 32. Qd2 Rb6 33. Nc5 Ke8 34. Ne4 Ke7 35. Rf3 Qg6 36. Qc2 f5 37. Nc3 e4 38. Nd5+ Kd8 39. Rc3 Rb7 40. Rc6 Qe6 41. Qc4 Rxb2 42. g3 Rd2 43. Ne3 Qxc4 44. Rxc4 f4 45. gxf4 Bxf4 46. a4 Rd7 47. Rxe4 Rg7+ 48. Ng2 Bd6 49. h3 c5 50. Kf1 Kc7 51. Ne3 Rg6 52. Ke2 Kc6 53. f4 Rh6 54. Nf5 Rf6 55. Nxd6 Kxd6 56. Kd3 Rf5 57. Kc4 Rf8 58. Kc3 Rf5 59. Kc4 Rf8 60. Kc3 Rf5 1/2-1/2

[Event "Moscow op-A 17th"]
[Site "Moscow"]
[Date "2021.02.24"]
[Round "5"]
[White "Shaymardanov, Bakhtiyar"]
[Black "Chertkov, Maksim"]
[Result "1-0"]
[WhiteElo "1702"]
[BlackElo "1972"]
[PlyCount "61"]
[EventDate "2021.02.20"]
[EventType "swiss"]
[EventRounds "9"]
[EventCountry "RUS"]
[SourceTitle "CBM 200 Extra"]
[Source "ChessBase"]
[SourceDate "2021.03.31"]
[SourceVersion "1"]
[SourceVersionDate "2021.03.31"]
[SourceQuality "1"]

1. d4 Nf6 2. c4 g6 3. Nc3 d5 4. Nf3 Bg7 5. e3 0-0 6. Qb3 c5 7. cxd5 Qa5 8. Be2 Nbd7 9. 0-0 cxd4 10. Nxd4 Nb6 11. Bf3 Bg4 12. e4 Bxf3 13. Nxf3 Nfd7 14. Be3 Nc5 15. Bxc5 Qxc5 16. Rac1 Rac8 17. Ne2 Nc4 18. Rc2 Bxb2 19. Nf4 Qd6 20. Nd3 b5 21. Nxb2 Na5 22. Qd3 Rxc2 23. Qxc2 f5 24. Nd4 Qd7 25. Ne6 Rc8 26. Qd2 Rc6 27. Nd3 Nc4 28. Qh6 Rxe6 29. Nc5 Qe8 30. Nxe6 Qf7 31. Ng5 1-0

[Event "Moscow op-A 17th"]
[Site "Moscow"]
[Date "2021.02.22"]
[Round "3"]
[White "Kirushin, Ivan"]
[Black "Chertkov, Maksim"]
[Result "1-0"]
[WhiteElo "1765"]
[BlackElo "1972"]
[PlyCount "99"]
[EventDate "2021.02.20"]
[EventType "swiss"]
[EventRounds "9"]
[EventCountry "RUS"]
[SourceTitle "CBM 200 Extra"]
[Source "ChessBase"]
[SourceDate "2021.03.31"]
[SourceVersion "1"]
[SourceVersionDate "2021.03.31"]
[SourceQuality "1"]

1. e4 e5 2. g3 Nf6 3. Bg2 d5 4. exd5 Bg4 5. Ne2 Nxd5 6. d4 Nc6 7. dxe5 Ndb4 8. Qxd8+ Rxd8 9. Bxc6+ bxc6 10. Na3 Bf3 11. Rg1 Be7 12. Be3 Rd5 13. Nd4 Be4 14. 0-0-0 Rxe5 15. Bf4 Ra5 16. Bxc7 Nxa2+ 17. Kb1 Rxa3 18. Rde1 Ra4 19. Rxe4 Kd7 20. Rd1 Nb4 21. Nf5+ Kxc7 22. Rxe7+ Kb6 23. Ne3 Rf8 24. b3 Ra6 25. c3 Nd5 26. Nxd5+ cxd5 27. Rxd5 Kc6 28. Rdd7 Rb8 29. Rxa7 Rxb3+ 30. Kc2 Rab6 31. Rxf7 Rb2+ 32. Kd3 Rb8 33. Rxg7 Rxf2 34. Rxh7 Rbf8 35. Rag7 R8f5 36. Rg6+ Kd5 37. c4+ Kc5 38. Rc7+ Kb4 39. Rb6+ Ka5 40. Rb5+ Rxb5 41. cxb5 Kxb5 42. Ke4 Rxh2 43. Kf4 Kb6 44. Rc1 Rf2+ 45. Kg5 Ra2 46. g4 Kb5 47. Kh6 Ra8 48. g5 Rg8 49. g6 Rc8 50. Rxc8 1-0

[Event "Moscow op-A 17th"]
[Site "Moscow"]
[Date "2021.02.21"]
[Round "2"]
[White "Voronin, Nikita1111"]
[Black "Chertkov, Maksim"]
[Result "1/2-1/2"]
[WhiteElo "1732"]
[BlackElo "1972"]
[PlyCount "99"]
[EventDate "2021.02.20"]
[EventType "swiss"]
[EventRounds "9"]
[EventCountry "RUS"]
[SourceTitle "CBM 200 Extra"]
[Source "ChessBase"]
[SourceDate "2021.03.31"]
[SourceVersion "1"]
[SourceVersionDate "2021.03.31"]
[SourceQuality "1"]

1. d4 Nf6 2. c4 g6 3. Nc3 d5 4. cxd5 Nxd5 5. e4 Nxc3 6. bxc3 Bg7 7. Qa4+ Qd7 8. Bb5 c6 9. Be2 0-0 10. Nf3 c5 11. Qxd7 Nxd7 12. e5 b6 13. 0-0 Bb7 14. Rd1 e6 15. Bg5 f6 16. exf6 Nxf6 17. Rab1 Bd5 18. dxc5 bxc5 19. c4 Be4 20. Bf4 Rfd8 21. Rxd8+ Rxd8 22. Rb5 Rc8 23. Be3 Nd7 24. Ng5 Bc6 25. Ra5 Bd4 26. Bxd4 cxd4 27. Nxe6 Re8 28. Nxd4 Re4 29. Nxc6 Rxe2 30. g3 Nf6 31. h3 Rc2 32. Ne5 Ne4 33. Rxa7 Nxf2 34. h4 Nd1 35. Ra3 Kg7 36. Kf1 Nc3 37. Ra7+ Kf6 38. Ng4+ Ke6 39. Ne3 Rb2 40. Nd5 Nxd5 41. cxd5+ Kxd5 42. Rxh7 Rxa2 43. Rh6 Ra6 44. Rh8 Ke6 45. Rf8 g5 46. hxg5 Ra5 47. Kg2 Rf5 48. Rxf5 Kxf5 49. g4+ Kxg5 50. Kg3 1/2-1/2

[Event "Wch FIDE Online U12 Europe qual"]
[Site "Tornelo INT"]
[Date "2020.12.09"]
[Round "6"]
[White "Chertkov, Maksim"]
[Black "Boykov, Pavel"]
[Result "0-1"]
[WhiteElo "1862"]
[BlackElo "1636"]
[PlyCount "122"]
[EventDate "2020.12.07"]
[EventType "swiss (rapid)"]
[EventRounds "7"]
[EventCountry "ISS"]
[SourceTitle "EXT 2022"]
[Source "ChessBase"]
[SourceDate "2021.10.06"]
[SourceVersion "1"]
[SourceVersionDate "2021.10.06"]
[SourceQuality "1"]

1. e4 c5 2. Nf3 Nc6 3. d4 cxd4 4. Nxd4 Nf6 5. Nc3 e5 6. Ndb5 d6 7. Bg5 a6 8. Na3 b5 9. Bxf6 gxf6 10. Nd5 f5 11. g3 Bg7 12. Bg2 f4 13. c3 0-0 14. 0-0 Ne7 15. gxf4 Nxd5 16. Qxd5 Be6 17. Qd2 Bh6 18. Nc2 Bxf4 19. Qd3 Qh4 20. h3 Kh8 21. Ne1 Rg8 22. Kh1 Bc4 23. Qf3 Bxf1 24. Bxf1 Rg6 25. Ng2 Qf6 26. a4 bxa4 27. Rxa4 Bg3 28. Qd3 Qxf2 29. Rxa6 Rxa6 30. Qxa6 Kg7 31. Qe2 Rf6 32. Ne3 Kf8 33. Nf5 Qxe2 34. Bxe2 Bf4 35. Bd3 Bc1 36. b3 Bd2 37. c4 Rg6 38. Be2 Bb4 39. Bg4 Ke8 40. Ng3 Kd8 41. Kg2 Kc7 42. Kf3 Rg8 43. Nf5 Ra8 44. Ke3 Ra3 45. Bd1 Ra1 46. Bc2 Rh1 47. h4 Be1 48. Bd1 Bxh4 49. Bf3 Bg5+ 50. Kf2 Rb1 51. Bh5 f6 52. Ne7 Rxb3 53. Nd5+ Kc6 54. Be2 Kc5 55. Nc7 Kd4 56. Ne6+ Kxe4 57. c5 Be3+ 58. Kg2 Bxc5 59. Bc4 Rb2+ 60. Kf1 h5 61. Ng7 d5 0-1

[Event "EU-ch Online U2300 Qual"]
[Site "Chess.com INT"]
[Date "2020.05.25"]
[Round "4"]
[White "Chertkov, Maksim"]
[Black "Trokhymyshyn, Sergii"]
[Result "0-1"]
[WhiteElo "1972"]
[BlackElo "2157"]
[PlyCount "64"]
[EventDate "2020.05.25"]
[EventType "swiss"]
[EventRounds "8"]
[EventCountry "NET"]
[SourceTitle "EXT 2021"]
[Source "ChessBase"]
[SourceDate "2020.10.23"]
[SourceVersion "1"]
[SourceVersionDate "2020.10.23"]
[SourceQuality "1"]

1. e4 e5 2. Nf3 Nc6 3. Bb5 a6 4. Ba4 d6 5. 0-0 Bg4 6. c4 Nge7 7. Qb3 b6 8. d4 exd4 9. Nxd4 Bd7 10. Nxc6 Nxc6 11. Qc3 Qe7 12. Be3 Rg8 13. Qd2 Qe5 14. Nc3 0-0-0 15. Bf4 Qh5 16. Nd5 Ne7 17. Bxd7+ Rxd7 18. Be3 Nc6 19. Bxb6 cxb6 20. Nxb6+ Kc7 21. Nxd7 Kxd7 22. b4 Be7 23. c5 Rd8 24. cxd6 Bxd6 25. g3 Ne5 26. f4 Ke7 27. Kh1 Ng4 28. Qe2 Bxb4 29. h4 Rd2 30. Qxa6 Rh2+ 31. Kg1 Qc5+ 32. Rf2 Qxf2# 0-1

[Event "RUS-chT U11"]
[Site "Sochi"]
[Date "2019.05.04"]
[Round "4.1"]
[White "Chertkov, Maksim"]
[Black "Komaev, Tamerlan"]
[Result "1-0"]
[WhiteElo "1844"]
[BlackElo "1351"]
[PlyCount "99"]
[EventDate "2019.05.01"]
[EventType "team-tourn"]
[EventRounds "9"]
[EventCountry "RUS"]
[SourceTitle "EXT 2022"]
[Source "ChessBase"]
[SourceDate "2021.10.06"]
[SourceVersion "1"]
[SourceVersionDate "2021.10.06"]
[SourceQuality "1"]

1. e4 c5 2. Nf3 d6 3. d4 cxd4 4. Nxd4 Nf6 5. Nc3 g6 6. Be3 a6 7. Be2 Bg7 8. 0-0 0-0 9. Re1 Nbd7 10. Nb3 Qc7 11. a4 b6 12. Ra2 Bb7 13. Nd5 Nxd5 14. exd5 Rac8 15. c4 Ne5 16. Nd2 Rb8 17. b3 Rfe8 18. Bd4 Ba8 19. Qa1 f6 20. f4 Nd7 21. Bg4 Nf8 22. f5 g5 23. a5 bxa5 24. Rxa5 Bb7 25. Nf3 Bh6 26. Re3 Nd7 27. Bh5 g4 28. Bxe8 Bxe3+ 29. Bxe3 Rxe8 30. Nd4 Ne5 31. Ne6 Qd7 32. Bd4 Rc8 33. Qd1 h5 34. h3 Qe8 35. Bxe5 dxe5 36. hxg4 Qf7 37. gxh5 Qh7 38. g4 Kf7 39. Kf2 Rg8 40. d6 exd6 41. Qxd6 Re8 42. Rc5 Kg8 43. Rc7 Qh6 44. Qd7 Rb8 45. g5 fxg5 46. Nd8 Qb6+ 47. c5 Qh6 48. Qe8+ Qf8 49. Qg6+ Kh8 50. Rh7# 1-0

[Event "RUS-chT U11"]
[Site "Sochi"]
[Date "2019.05.03"]
[Round "3.1"]
[White "Kuznetsov, Makar"]
[Black "Chertkov, Maksim"]
[Result "0-1"]
[WhiteElo "1128"]
[BlackElo "1844"]
[PlyCount "128"]
[EventDate "2019.05.01"]
[EventType "team-tourn"]
[EventRounds "9"]
[EventCountry "RUS"]
[SourceTitle "EXT 2022"]
[Source "ChessBase"]
[SourceDate "2021.10.06"]
[SourceVersion "1"]
[SourceVersionDate "2021.10.06"]
[SourceQuality "1"]

1. e4 e5 2. Nf3 Nc6 3. Bb5 a6 4. Ba4 b5 5. Bb3 Na5 6. 0-0 d6 7. d3 Nf6 8. a4 Nxb3 9. cxb3 Be6 10. Nbd2 h6 11. d4 exd4 12. Nxd4 Bd7 13. Re1 Be7 14. e5 dxe5 15. Rxe5 0-0 16. axb5 Bd6 17. Re1 axb5 18. Rxa8 Qxa8 19. N2f3 Rd8 20. Qe2 Qb7 21. Bd2 c5 22. Nc2 Bc6 23. Bc3 Ng4 24. h3 Nf6 25. Bxf6 gxf6 26. Nh4 Bf8 27. Qg4+ Kh8 28. Qf5 Rd5 29. Qxf6+ Bg7 30. Qf4 Rg5 31. Ne3 Be5 32. Ng6+ fxg6 33. Qf8+ Kh7 34. Ng4 Qg7 35. Qxg7+ Bxg7 36. Re7 h5 37. Nf6+ Kh8 38. Rc7 Bxf6 39. Rxc6 Bxb2 40. Rb6 b4 41. f4 Rg3 42. Kf2 h4 43. Rc6 Kh7 44. Ke2 Bd4 45. Rc7+ Kh6 46. Rc6 Rxg2+ 47. Kd3 Kh5 48. Rc7 Rg3+ 49. Ke4 Rxh3 50. Rh7+ Kg4 51. Kd5 Kxf4 52. Rf7+ Kg3 53. Rf1 g5 54. Rb1 g4 55. Rd1 Kg2 56. Rb1 Rf3 57. Kc4 h3 58. Rc1 h2 59. Rc2+ Rf2 60. Rc1 Rf1 61. Rc2+ Bf2 62. Rxf2+ Kxf2 63. Kxc5 h1Q 64. Kd4 Rc1 0-1